Sustainable Development (Record no. 4126)
[ view plain ]
| 000 -LEADER | |
|---|---|
| fixed length control field | 00343nam a22001337a 4500 |
| 008 - FIXED-LENGTH DATA ELEMENTS--GENERAL INFORMATION | |
| fixed length control field | 250704b |||||||| |||| 00| 0 eng d |
| 020 ## - INTERNATIONAL STANDARD BOOK NUMBER | |
| ISBN | 185278167X |
| 100 ## - MAIN ENTRY--AUTHOR | |
| Author | PEARCE, David |
| 245 ## - TITLE STATEMENT | |
| Title | Sustainable Development |
| 260 ## - PUBLICATION, DISTRIBUTION, ETC. (IMPRINT) | |
| Place of publication | Freat Britain |
| Name of publisher | Edward Edger Publishing Ltd. |
| Date of publication | 1990 |
| 300 ## - COLLATION | |
| Pagination | xi, 217p. |
| 942 ## - ADDED ENTRY ELEMENTS (KOHA) | |
| Item type | Books |
| 050 ## - LIBRARY OF CONGRESS CALL NUMBER | |
| Classification number | HD15.6 |
| Item number | .P43 |
| Source of classification or shelving scheme | Not for loan | Permanent location | Current location | Date acquired | Accession No. | Full call number | Barcode. | Koha item type |
|---|---|---|---|---|---|---|---|---|
| Library of Congress Classification | Samuel Ogbemudia Main Library, University of Abuja | Samuel Ogbemudia Main Library, University of Abuja | 07/04/2025 | 91-001505 | HD15.6.P43 | 2025-2862 | Books |